Kainuun kunnat - Äkkikuolema - Statistics

Yleistilastot
  • Tätä visaa on pelattu 276 kertaa
  • Keskiarvotulos 6 / 8
Answers on the Grid
Answers color-coded by a green-red scale on the quiz's grid according to % correct below.
Hyrynsalmi
Iisalmi
Kajaani
Kuhmo
Kuusamo
Lieksa
Muhos
Nurmes
Oulu
Paltamo
Polvijärvi
Puolanka
Ristijärvi
Sotkamo
Suomussalmi
Taivalkoski
Utajärvi
Vaala
 
Vastaustilastot
Vastaus % Oikein
Kajaani
87%
Hyrynsalmi
85%
Kuhmo
84%
Paltamo
77%
Suomussalmi
74%
Puolanka
73%
Sotkamo
72%
Ristijärvi
68%
Ehtoja vastaavia visoja ei löytynyt
Tulosjakauma
Jokaisen tuloksen saaneiden osuus
Persentiili vastausten määrän mukaan
Tuloshistoriasi
Et ole pelannut tätä visaa